Macroprudential frameworks in Asia
Salvato in:
| Altri autori: | , |
|---|---|
| Natura: | Libro |
| Lingua: | inglese |
| Pubblicazione: |
Washington, D.C.
International Monetary Fund
2013
|
| Soggetti: | |
| Tags: |
Nessun Tag, puoi essere il primo ad aggiungerne!!
|
MARC
| LEADER | 00000nam a2200000 4500 | ||
|---|---|---|---|
| 001 | 0203912 | ||
| 005 | 20241113103345.9 | ||
| 020 | |a 978-1-47551-719-4 | ||
| 041 | 0 | |a eng | |
| 044 | |a US | ||
| 245 | 1 | 0 | |a Macroprudential frameworks in Asia |c edited by Rodolfo Maino and Steven A. Barnett |
| 264 | 1 | |a Washington, D.C. |b International Monetary Fund |c 2013 | |
| 300 | |a xxv, 145 s. | ||
| 610 | 2 | 0 | |a Ázia |
| 610 | 2 | 0 | |a stabilita finančná |
| 610 | 2 | 0 | |a inštitúcie finančné |
| 610 | 2 | 0 | |a banky |
| 610 | 2 | 0 | |a bankovníctvo |
| 610 | 2 | 0 | |a riadenie rizík |
| 610 | 2 | 0 | |a kríza finančná |
| 610 | 2 | 0 | |a politika finančná |
| 610 | 2 | 0 | |a politika menová |
| 610 | 2 | 0 | |a politika makroprudenciálna |
| 700 | 1 | |a Maino, Rodolfo | |
| 700 | 1 | |a Barnett, Steven | |